[Event "Wch U14 Girls"]
[Site "Kemer"]
[Date "2009.11.22"]
[Round "11"]
[White "Castrillon Gomez, Melissa"]
[Black "Owens, Megan R"]
[Result "1-0"]
[WhiteElo "2076"]
[BlackElo "1764"]
[PlyCount "65"]
[EventDate "2009.11.12"]
[EventType "swiss"]
[EventRounds "11"]
[EventCountry "TUR"]
[SourceTitle "EXT 2010"]
[Source "ChessBase"]
[SourceDate "2010.11.25"]
[SourceVersion "1"]
[SourceVersionDate "2010.11.25"]
[SourceQuality "1"]

1. e4 c5 2. Nf3 a6 3. Nc3 b5 4. d4 cxd4 5. Nxd4 Bb7 6. f3 e6 7. Bd3 Bc5 8. Nb3 Bb6 9. Qe2 Nc6 10. Be3 Nge7 11. 0-0 Nb4 12. Kh1 Nxd3 13. cxd3 d5 14. Bxb6 Qxb6 15. f4 g6 16. f5 d4 17. Nd1 gxf5 18. Nf2 h5 19. exf5 Nxf5 20. Qe5 Rg8 21. Ne4 Bxe4 22. Qxe4 Kd7 23. Rxf5 exf5 24. Qd5+ Ke7 25. Re1+ Kf6 26. Nxd4 Rge8 27. Rc1 Rac8 28. Rf1 Re5 29. Rxf5+ Rxf5 30. Qxf5+ Kg7 31. Qxc8 Qxd4 32. Qc3 Qxc3 33. bxc3 1-0

[Event "Wch U14 Girls"]
[Site "Kemer"]
[Date "2009.11.21"]
[Round "10"]
[White "Owens, Megan R"]
[Black "Nandhidhaa, PV."]
[Result "0-1"]
[WhiteElo "1764"]
[BlackElo "2007"]
[PlyCount "54"]
[EventDate "2009.11.12"]
[EventType "swiss"]
[EventRounds "11"]
[EventCountry "TUR"]
[SourceTitle "EXT 2010"]
[Source "ChessBase"]
[SourceDate "2010.11.25"]
[SourceVersion "1"]
[SourceVersionDate "2010.11.25"]
[SourceQuality "1"]

1. Nf3 Nf6 2. c4 e6 3. g3 d5 4. Bg2 dxc4 5. Qa4+ Bd7 6. Qxc4 Bc6 7. Nc3 Nbd7 8. 0-0 Be7 9. d4 0-0 10. Re1 Ne4 11. Ne5 Nxe5 12. dxe5 Nxc3 13. Qxc3 Bxg2 14. Kxg2 Qd5+ 15. e4 Qc5 16. Qxc5 Bxc5 17. Be3 Bxe3 18. Rxe3 Rfd8 19. Rc3 b6 20. Rac1 c5 21. Kf3 Rd4 22. Ke3 Kf8 23. Rc4 Rad8 24. h4 Rd3+ 25. Ke2 f6 26. exf6 gxf6 27. f4 Rxg3 0-1

[Event "Wch U14 Girls"]
[Site "Kemer"]
[Date "2009.11.19"]
[Round "8"]
[White "Owens, Megan R"]
[Black "Durmaz, Ayca Fatma"]
[Result "1-0"]
[WhiteElo "1764"]
[BlackElo "1838"]
[PlyCount "55"]
[EventDate "2009.11.12"]
[EventType "swiss"]
[EventRounds "11"]
[EventCountry "TUR"]
[SourceTitle "EXT 2010"]
[Source "ChessBase"]
[SourceDate "2010.11.25"]
[SourceVersion "1"]
[SourceVersionDate "2010.11.25"]
[SourceQuality "1"]

1. Nf3 Nf6 2. g3 g6 3. Bg2 Bg7 4. d4 0-0 5. c4 d6 6. Nc3 Nbd7 7. 0-0 e5 8. e4 exd4 9. Nxd4 Re8 10. h3 Nc5 11. Re1 a5 12. b3 c6 13. Bb2 Nfd7 14. f4 Qb6 15. Kh2 a4 16. Re2 a3 17. Bc1 Ne6 18. Nxe6 Bxc3 19. Be3 c5 20. Rc1 Bb2 21. Ng5 Bxc1 22. Bxc1 h6 23. Nf3 Nf6 24. e5 dxe5 25. fxe5 Nh5 26. Bxh6 Be6 27. Qc1 Qd8 28. Ng5 1-0

[Event "Wch U14 Girls"]
[Site "Kemer"]
[Date "2009.11.12"]
[Round "1"]
[White "Owens, Megan R"]
[Black "Kabai, Zsuzsanna"]
[Result "0-1"]
[WhiteElo "1764"]
[BlackElo "2061"]
[PlyCount "75"]
[EventDate "2009.11.12"]
[EventType "swiss"]
[EventRounds "11"]
[EventCountry "TUR"]
[SourceTitle "EXT 2010"]
[Source "ChessBase"]
[SourceDate "2010.11.25"]
[SourceVersion "1"]
[SourceVersionDate "2010.11.25"]
[SourceQuality "1"]

1. Nf3 d5 2. d4 Nf6 3. g3 Bf5 4. c4 e6 5. Nc3 c6 6. Qb3 Qb6 7. c5 Qxb3 8. axb3 Nbd7 9. Bg2 a6 10. b4 Rc8 11. h3 Be7 12. g4 Bg6 13. Bf4 Ne4 14. Nxe4 Bxe4 15. 0-0 f6 16. Rfe1 h5 17. Nd2 Bxg2 18. Kxg2 hxg4 19. hxg4 Rh4 20. f3 Kf7 21. Rh1 Rch8 22. Rxh4 Rxh4 23. Bg3 Rh8 24. f4 Ra8 25. Nb3 b6 26. Be1 Bd8 27. Rc1 b5 28. Bc3 Bc7 29. Rf1 Ke7 30. Na5 Bxa5 31. bxa5 Rg8 32. g5 fxg5 33. fxg5 e5 34. dxe5 Ke6 35. b4 Rh8 36. Kg3 Rh5 37. Kg4 Rh2 38. e3 0-1

[Event "South Wales op 6th"]
[Site "Treforest"]
[Date "2009.07.16"]
[Round "8"]
[White "Gibson, Christopher A"]
[Black "Owens, Megan R"]
[Result "1/2-1/2"]
[WhiteElo "1991"]
[BlackElo "1731"]
[PlyCount "49"]
[EventDate "2009.07.11"]
[EventType "swiss"]
[EventRounds "9"]
[EventCountry "WLS"]
[SourceTitle "CBM 131 Extra"]
[Source "ChessBase"]
[SourceDate "2009.09.03"]
[SourceVersion "2"]
[SourceVersionDate "2009.09.16"]
[SourceQuality "1"]

1. d4 Nf6 2. c4 g6 3. Nc3 d5 4. cxd5 Nxd5 5. e4 Nxc3 6. bxc3 Bg7 7. Nf3 0-0 8. Rb1 c5 9. Be2 Nc6 10. d5 Ne5 11. Nxe5 Bxe5 12. Qd2 Qa5 13. Rb3 Rd8 14. f4 Bg7 15. 0-0 c4 16. Rb4 b5 17. Kh1 Bb7 18. Bxc4 bxc4 19. Rxb7 Bxc3 20. Qe2 Rdc8 21. Rxe7 Qb4 22. d6 Qxd6 23. Rb7 Qc6 24. Qc2 Bg7 25. Rb1 1/2-1/2

[Event "South Wales op 6th"]
[Site "Treforest"]
[Date "2009.07.14"]
[Round "5"]
[White "Owens, Megan R"]
[Black "Williams, Ron"]
[Result "1-0"]
[WhiteElo "1731"]
[BlackElo "1944"]
[PlyCount "55"]
[EventDate "2009.07.11"]
[EventType "swiss"]
[EventRounds "9"]
[EventCountry "WLS"]
[SourceTitle "CBM 131 Extra"]
[Source "ChessBase"]
[SourceDate "2009.09.03"]
[SourceVersion "2"]
[SourceVersionDate "2009.09.16"]
[SourceQuality "1"]

1. d4 e6 2. c4 f5 3. Nf3 Nf6 4. g3 Be7 5. Bg2 d5 6. Qc2 0-0 7. 0-0 c6 8. Nbd2 Qe8 9. Ne5 Qh5 10. Ndf3 Ne4 11. Nd3 g5 12. Nfe5 Nd7 13. Nxd7 Bxd7 14. Ne5 Be8 15. cxd5 exd5 16. f3 Nd6 17. h4 gxh4 18. g4 fxg4 19. fxg4 Bg6 20. Rxf8+ Rxf8 21. Qc3 Nb5 22. Qe1 Nxd4 23. gxh5 Bxh5 24. Nf3 Bxf3 25. exf3 Bc5 26. Kh1 h3 27. Qg3+ Kh8 28. Qxh3 1-0